000 00810nam a2200241 i 4500
001 106624
003 ES-MaACL
005 20250805063255.0
007 t|
008 061211s1953 fr ||||1| fre d
080 _a111
100 0 _aAristóteles
_922861
245 1 3 _aLa métaphysique /
_cAristote ; nouvelle édition entièrement refondue, avec commentaire par J. Tricot.
260 _aParis :
_bLibrairie Philosophique J. Vrin,
_c1953.
300 _a2 v. ;
_c23 cm.
490 1 _aBibliothèque des textes philosophiques
500 _aBiblioteca Jacinto Martínez Lacalle.
650 7 _aMetafísica
_2embne
_915012
700 1 _aTricot, J.
_9111394
830 0 _aBibliothèque des textes philosophiques
_9182654
852 _aES-MaACL
_jE-11434-35
_bR.138950
999 _c106624
_d106624